000 00392nam a2200145Ia 4500
008 230711s9999||||xx |||||||||||||| ||und||
041 _aENG
082 _a620
_bGO-K
100 _a B. H. Lakshmana Gowda
245 2 _aA Kaleidoscopic view of fluid flow phenomena 
250 _a1st Ed.
260 _c1992
_aNew Delhi
_bWiley Eastern Limited
650 _aMechanical Engineering
942 _cBK
999 _c2695
_d2695